English Lernen ein Vergnügen! (Record no. 10500)

MARC details
000 -CABECERA
campo de control de longitud fija 00773nam a2200229 a 4500
001 - NÚMERO DE CONTROL
campo de control BRL_1692
005 - FECHA Y HORA DE LA ÚLTIMA TRANSACCIÓN
campo de control 20190320211327.0
008 - DATOS DE LONGITUD FIJA--INFORMACIÓN GENERAL
campo de control de longitud fija 280414s1928----gw-a######---#000-0#ger-#
041 ## - CÓDIGO DE LENGUA
Código de lengua del texto/banda sonora o título independiente ger
044 ## - CÓDIGO DEL PAÍS DE LA ENTIDAD EDITORA/PRODUCTORA
Código MARC del país gw
050 #4 - SIGNATURA TOPOGRÁFICA DE LA BIBLIOTECA DEL CONGRESO
Número de clasificación PE1129.G3
Número de documento/Ítem .M33 1928
100 1# - ENTRADA PRINCIPAL--NOMBRE DE PERSONA
Nombre de persona Mac Callum, T. W.
9 (RLIN) 27643
245 10 - MENCIÓN DE TÍTULO
Título English Lernen ein Vergnügen!
Mención de responsabilidad, etc. von T. W. Mac Callum ; mit vielen randzeichnungen von tibor gergely und mehreren englishcshen liedern.
260 ## - PUBLICACIÓN, DISTRIBUCIÓN, ETC.
Lugar de publicación, distribución, etc. München
Nombre del editor, distribuidor, etc. R. Piper & Co.
Fecha de publicación, distribución, etc. 1928
300 ## - DESCRIPCIÓN FÍSICA
Extensión xiii, 175 p.
Otras características físicas il.
Dimensiones 18 cm.
500 ## - NOTA GENERAL
Nota general Au1842
500 ## - NOTA GENERAL
Nota general Estado físico: Se estan desprendiendo las hojas del lomo.
650 14 - PUNTO DE ACCESO ADICIONAL DE MATERIA--TÉRMINO DE MATERIA
Término de materia o nombre geográfico como elemento de entrada Inglés
Subdivisión de forma Libros de texto para extranjeros
Subdivisión general Alemán
9 (RLIN) 27644
700 1# - PUNTO DE ACCESO ADICIONAL--NOMBRE DE PERSONA
Nombre de persona Gergely, Tibor
Término indicativo de función/relación il.
9 (RLIN) 27645
902 ## - CATALOGADOR
Iniciales GRL
942 ## - ELEMENTOS DE PUNTO DE ACCESO ADICIONAL (KOHA)
Fuente del sistema de clasificación o colocación Library of Congress Classification
Tipo de ítem Koha Libros
Holdings
Estado de retiro Estado de pérdida Estado dañado No para préstamo Localización permanente Ubicación/localización actual Fecha de adquisición Número de inventario Total de préstamos Signatura topográfica completa Código de barras Fecha visto por última vez Precio válido a partir de Tipo de ítem Koha
El ejemplar forma parte de la colección y puede ser consultado según las políticas vigentes.       Biblioteca Centro de Estudios Ruth D. Lechuga Biblioteca Centro de Estudios Ruth D. Lechuga 28/04/2014 Au1842   PE1129.G3 .M33 1928 (Au1842) GRL01860 22/03/2019 22/03/2019 Libros